000
00269 a2200085 4500
020
_a
9780727730336
100
_a
R. N. Young and Hywel R. Thomas
245
_a
Geoenvironmental Engineering: Geoenvironmental Impact Management
260
_b
Institution of Civil Engineers
_c
2001
999
_c
13531
_d
13531